Geology of the East Tintic Mountains and ore deposits of the Tintic mining districts. (Record no. 29198)
[ view plain ]
| 000 -LEADER | |
|---|---|
| fixed length control field | 01124cam a22002891 4500 |
| 001 - CONTROL NUMBER | |
| control field | gs 58000013 |
| 003 - CONTROL NUMBER IDENTIFIER | |
| control field | DLC |
| 005 - DATE AND TIME OF LATEST TRANSACTION | |
| control field | 20260227111406.0 |
| 008 - FIXED-LENGTH DATA ELEMENTS--GENERAL INFORMATION | |
| fixed length control field | 731219s1957 utuab b 001 0 eng c |
| 010 ## - LIBRARY OF CONGRESS CONTROL NUMBER | |
| LC control number | gs 58000013 |
| 035 ## - SYSTEM CONTROL NUMBER | |
| System control number | (OCoLC)764491 |
| 040 ## - CATALOGING SOURCE | |
| Original cataloging agency | U.S. Geol. Survey. Libr. |
| Transcribing agency | OAU |
| Modifying agency | WaChenE |
| -- | DLC |
| -- | WaU |
| 042 ## - AUTHENTICATION CODE | |
| Authentication code | premarc |
| 043 ## - GEOGRAPHIC AREA CODE | |
| Geographic area code | n-us-ut |
| 050 00 - LIBRARY OF CONGRESS CALL NUMBER | |
| Classification number | QE169 |
| Item number | .U7 no. 12 |
| 082 ## - DEWEY DECIMAL CLASSIFICATION NUMBER | |
| Classification number | 557.96 |
| 110 2# - MAIN ENTRY--CORPORATE NAME | |
| Corporate name or jurisdiction name as entry element | Utah Geological Society. |
| 245 10 - TITLE STATEMENT | |
| Title | Geology of the East Tintic Mountains and ore deposits of the Tintic mining districts. |
| Statement of responsibility, etc. | Contributors: John B. Bush [and others] Editor: Douglas R. Cook. |
| 260 ## - PUBLICATION, DISTRIBUTION, ETC. | |
| Place of publication, distribution, etc. | [Salt Lake City] |
| Name of publisher, distributor, etc. | Utah Geological and Mineralogical Survey, |
| Date of publication, distribution, etc. | 1957. |
| 300 ## - PHYSICAL DESCRIPTION | |
| Extent | viii, 183 p. |
| Other physical details | illus., maps (part fold., 1 col., 4 in pocket) diagrs. |
| Dimensions | 23 cm. |
| 490 1# - SERIES STATEMENT | |
| Series statement | Its Guidebook to the geology of Utah, |
| Volume/sequential designation | no. 12 |
| 504 ## - BIBLIOGRAPHY, ETC. NOTE | |
| Bibliography, etc. note | Includes bibliographies. |
| 650 #0 - SUBJECT ADDED ENTRY--TOPICAL TERM | |
| Topical term or geographic name entry element | Mines and mineral resources |
| Geographic subdivision | Utah |
| -- | East Tintic Mountains. |
| 650 #0 - SUBJECT ADDED ENTRY--TOPICAL TERM | |
| Topical term or geographic name entry element | Geology |
| Geographic subdivision | Utah |
| -- | East Tintic Mountains. |
| 740 0# - ADDED ENTRY--UNCONTROLLED RELATED/ANALYTICAL TITLE | |
| Uncontrolled related/analytical title | Tintic mining districts. |
| 830 #0 - SERIES ADDED ENTRY--UNIFORM TITLE | |
| Uniform title | Guidebook to the geology of Utah ; |
| Volume/sequential designation | no. 12. |
No items available.